000 00841nam a2200205Ia 4500
003 GCL
008 140319s9999 xx 000 0 ara d
040 _aGCL /
_cGCL
082 0 4 _a947.085
_bم ا
100 1 _aالمكتب الصحفى للسفارةالسوفيتية
245 1 0 _aاتحاد الجمهوريات السوفيتية الاشتراكية: 100 سؤال وجواب /
_cالمكتب الصحفى للسفارةالسوفيتية
300 _a208 ص
490 _aالهيئة العامة للاستعلامات
_v0
650 0 4 _aالاتحاد السوفيتى
650 0 4 _aالاشتراكية
650 0 4 _aالاتحاد السوفيتى - تاريخ
650 0 4 _aالاتحاد السوفيتى - تاريخ - العصر الحديث
650 0 4 _aالاتحاد السوفيتى - ادلة
942 _2ddc
_cBK
999 _c47657
_d47657